01461nam a2200445 i 450000100060000000300090000600500170001500800390003201500190007102000150009003500230010503500360012803500140016403500210017803500170019903500230021603500440023904000340028304100080031704600090032508000120033408000090034610000360035524500400039126000370043130000580046833600270052633700540055333800280060738000160063538000230065138800100067450001020068450400120078665000380079865500220083665800430085871000160090185600980091745509KOSZ 00520211215082301.0040726s2004 pl a f |001 0 pol aUWD 2004/14661 a8373613951 a991024373759705066 a(PL-WaBN)b16650256-48omnis_nlop ab16650256 a(OCoLC)749571994 azz2004969384 a(PL)b0000001665025 a(EXLNZ-48OMNIS_NETWORK)9910392593905606 aWA NcWA NdKR UdKOSZ 005/HR0 apol k2004 a004.438 a(07)1 aLis, Marcind(1975-2016)eAutor10aPraktyczny kurs Java /cMarcin Lis. aGliwice :b"Helion",ccop. 2004. a382, [22] s. :bfot., rys., wykr. ;c24 cm +eCD-ROM. aTekstbtxt2rdacontent aBez urządzenia pośredniczącegobn2rdamedia aWoluminbnc2rdacarrier aKsiążki aPublikacje fachowe a2001- aU dołu s. tyt. i okł.: poznaj tajniki najpopularniejszego języka programowania ery internetu. aIndeks. 7aJava (język programowania)2DBN 7aPodręcznik2DBN aInformatyka i technologie informacyjne2 aHelion4pbl uhttp://koha.tu.koszalin.pl/cgi-bin/koha/opac-detail.pl?biblionumber=45509yKatalog online BPK